000 00264nam a2200097Ia 4500
008 230508s1996 xx 000 0 und d
041 _aeng
100 _aJOHN M. RYAN
245 _aTHE QUALITY TEAM CONCEPT IN TOTAL QUALITY CON
260 _bTATA MC GRAW HILL CO
_c1996
999 _c740192
_d740192